| 000 | 01211nam a2200265 i 4500 | ||
|---|---|---|---|
| 001 | 180320 | ||
| 003 | ES-MaACL | ||
| 005 | 20240529101717.0 | ||
| 008 | 120528s2007 sp | |||||||| | spa d | ||
| 020 | _a978-84-96452-37-4 | ||
| 080 | _a821.134.2-22"16" | ||
| 100 | 1 |
_aMolina, Tirso de, _d1579-1648 _9226522 |
|
| 245 | 1 | 0 |
_aTercera parte de las comedias / _cTirso de Molina ; edición de Mª del Pilar Palomo y Isabel Prieto. |
| 260 |
_aMadrid : _bFundación José Antonio de Castro, _c[2007] |
||
| 300 |
_aXXXVI, 1299 p. ; _c23 cm. |
||
| 490 | 1 | _aBiblioteca Castro | |
| 490 | 1 |
_aObras completas de Tirso de Molina ; _v5 |
|
| 505 | 8 | _aContiene: Del enemigo, el primer consejo. No hay peor sordo... La mejor espigadera. Averígüelo Vargas. La elección por la virtud. Ventura te dé Dios, hijo. La prudencia en la mujer. La venganza de Tamar. La villana de la Sagra. El amor y el amistad. La fingida Arcadia. La huerta de Juan Fernández | |
| 700 | 1 |
_aPrieto, Isabel. _9150141 |
|
| 700 | 1 |
_aPalomo, María del Pilar, _d1933- _9144616 |
|
| 830 | 0 |
_aBiblioteca Castro _9178957 |
|
| 830 | 0 |
_aObras completas de Tirso de Molina ; _v5 _9191247 |
|
| 852 |
_aES-MaACL _jL-29900 |
||
| 999 |
_c180320 _d180320 |
||